Méthode d'interprétation et sources en droit privé positif (Record no. 68719)

MARC details
000 -LEADER
campo de control de longitud fija 00767nam a22001935i 4500
001 - NÚMERO DE CONTROL
campo de control 68719
003 - IDENTIFICADOR DE NÚMERO DE CONTROL
campo de control ES-MaACL
007 - CAMPO FIJO DE DESCRIPCIÓN FÍSICA--INFORMACIÓN GENERAL
campo de control de longitud fija t|
008 - DATOS DE LONGITUD FIJA--INFORMACIÓN GENERAL
campo de control de longitud fija 960826s1899 fr ||||1| fre d
040 ## - FUENTE DE CATALOGACIÓN
Centro catalogador/agencia de origen CAM
Lengua de catalogación spa
Centro/agencia transcriptor CAM
100 1# - ENTRADA PRINCIPAL--NOMBRE DE PERSONA
Nombre de persona Geny, Francois.
9 (RLIN) 185665
245 10 - MENCIÓN DEL TÍTULO
Título Méthode d'interprétation et sources en droit privé positif
Resto del título : essai critique /
Mención de responsabilidad, etc. par Francois Geny; précédé d'une préface de M. Raimond Saleilles.
260 ## - PUBLICACIÓN, DISTRIBUCIÓN, ETC.
Lugar de publicación, distribución, etc. Paris :
Nombre del editor, distribuidor, etc. A. Chevalier-Marescq & Cia éditeurs,
Fecha de publicación, distribución, etc. 1899 (
Fabricante imprimerie parisienne L. Barnéoud & Cia)
300 ## - DESCRIPCIÓN FÍSICA
Extensión XIV, 606 p. ;
Dimensiones 25 cm.
490 1# - MENCIÓN DE SERIE
Mención de serie Bibliothèque de jurisprudence civile contemporaine
830 0# - PUNTO DE ACCESO ADICIONAL DE SERIE-TÍTULO UNIFORME
Título uniforme Bibliothèque de jurisprudence civile contemporaine
9 (RLIN) 230955
852 ## - LOCALIZACIÓN
Ubicación ES-MaACL
Número de control de estantería G-14356
Holdings
Estatus retirado Estado de pérdida Estado de daño No para préstamo Colección Biblioteca de origen Biblioteca actual Ubicación en estantería Fecha de adquisición Fuente de adquisición Total de préstamos Signatura topográfica completa Código de barras Visto por última vez Precio de reemplazo Tipo de ítem Koha
        Libros del s. XIX Biblioteca del Ateneo de Madrid Biblioteca del Ateneo de Madrid Sala Pecera Planta 3 17/01/2008     G-14356 1071948 23/02/2023 23/02/2023 Libro impreso antiguo